Euro Winners - Statistics

General Stats
  • This quiz has been taken 3,549 times
    3,343 since last reset
  • The average score is 13 of 14
Answer Stats
Hint Answer % Correct
1964 Spain
98%
2008 Spain
98%
2012 Spain
98%
1984 France
97%
2000 France
97%
1996 Germany
97%
1972 West Germany
97%
1980 West Germany
97%
1968 Italy
95%
2004 Greece
90%
1988 Netherlands
82%
1992 Denmark
78%
1960 Soviet Union
78%
1976 Czechoslovakia
58%
No matching quizzes found
Score Distribution
Percent of People with Each Score
Percentile by Number Answered
Your Score History
You have not taken this quiz since the last reset